=LDR 00000nam 2200000 4500 =001 INLIS000000000024635 =005 20200910074823 =035 ##$$a 0010-061300000024635 =008 200910################g##########0#ind## =041 ##$$a Ind =082 ##$$a 2X5.5 =090 ##$$a 2X5.5, Haz j =100 ##$$a Hazimi, Ibrahim bin Abdullah Al =245 1#$$a Jawaban-jawaban jitu pembungkam lawan bicara /$c Ibrahim bin Abdullah Al Hazimi penerjemah, Mashury Ikhwany =260 ##$$a Bandung :$b Gema Risalah Press,$c 2000. =300 ##$$a 294 hlm, ; $c 21 X 14 cm. =650 #4$$a Doa (Islam) =850 ##$$a NBPNMAT =084 ##$$a 2X5.5 HAZ j =500 ##$$a Judul asli :Al-ajwibatul muskitah =700 #$$a Mashury Ikhwany =990 ##$$a 00051082 =990 ##$$a 00091282 =990 ##$$a DW00016361 =990 ##$$a DW00016365 =990 ##$$a 00051082 =990 ##$$a 00091282 =990 ##$$a DW00016361